000 00600nam a2200181Ia 4500
003 GCL
008 140319s9999 xx 000 0 ara d
040 _aGCL /
_cGCL
082 0 4 _a953.5
_bت د
100 1 _aترابدنت برس ليمتد
245 1 0 _aدولة الامارات العربية المتحدة الكتاب السنوى 1997 /
_cترابدنت برس ليمتد
300 _a286 ص
490 _a
650 0 4 _aالكتب السنوية
650 0 4 _aالامارات العربية المتحدة
650 0 4 _aالامارات العربية - تاريخ
942 _2ddc
_cBK
999 _c52330
_d52330